[Event "Steinfurt Bezirksklasse 0203"]
[Site "Germany"]
[Date "2002.09.28"]
[Round "1.2"]
[White "Koesters, Ansgar"]
[Black "Zachert, Klaus"]
[Result "1/2-1/2"]
[WhiteElo "1476"]
[BlackElo "1490"]
[PlyCount "60"]
[EventDate "2002.09.28"]
[EventType "team-tourn"]
[EventRounds "7"]
[EventCountry "GER"]
[SourceTitle "EXT 2005"]
[Source "ChessBase"]
[SourceDate "2004.11.15"]
[SourceVersion "1"]
[SourceVersionDate "2004.11.15"]
[SourceQuality "1"]
[WhiteTeam "Rheine CC"]
[BlackTeam "Westerkappeln II"]
[WhiteTeamCountry "GER"]
[BlackTeamCountry "GER"]

1. e4 e5 2. Nf3 Nc6 3. Bc4 Bc5 4. c3 d6 5. d4 Bb6 6. dxe5 dxe5 7. Qxd8+ Nxd8 8. Nxe5 Be6 9. 0-0 Nf6 10. Re1 Ng4 11. Nxg4 Bxc4 12. Be3 0-0 13. Nd2 Bb5 14. Bxb6 axb6 15. Re3 Re8 16. Rg3 Kf8 17. a3 Ne6 18. Re1 Nc5 19. c4 Bc6 20. e5 Rad8 21. Nf3 Nd3 22. Rb1 Nxb2 23. Ng5 h6 24. Nh7+ Ke7 25. f4 Nxc4 26. f5 Kd7 27. f6 g6 28. Nxh6 Nxe5 29. Ng5 Bd5 30. Rd1 c6 1/2-1/2